Datum a čas kvízu
17
Celkem bodů
Celkový počet nahraných bodů na tomto kvízu bez doplňovacích otázek.
11.
Pořadí na kvízu
Konečné umístění týmu na tomto kvízu.
Zaznamenané odpovědi
| # | Otázka | Odpověď | Body | Výsledky |
|---|---|---|---|---|
| 1. | Kterými slovy ukončila Markéta... | D | 0 | |
| 2. | Starostka jisté evropské metro... | Paříž, Siena | 1 | |
| 3. | Jak se nazývá snímek, který zí... | Oppenheimer | 0 | |
| 4. | Roční míra inflace v jisté zem... | Argentina | 1 | |
| 5. | V sobotu odstartoval fotbalový... | Pobřeží Slonoviny | 0 | |
| 6. | Některá slova mají různé grama... | (o) hrabatech | 0 | |
| 7. | U některých slov bychom si moh... | C | 0 | |
| 8. | Dva gramatické rody můžeme při... | sršeň | 0 | |
| 9. | V minulé otázce jsme se ptali... | zombie | 0 | |
| 10. | Začátkem roku 2023 byla Ústave... | hranolka, hranolek | 0 |